000 00771nab a2200193 4500
001 244442
003 OSt
005 20260108142633.0
007 tu
008 260108s2020|||||||
040 _aDE-2950
_cDE-2950
245 0 0 _aEin Hauch von Abschied nach über 40 Jahren
_bKultur. Der langjährige Chorleiter Rudolf Tiersch kündigt seinen baldigen Ausstieg an, die aktuelle Weihnachtssaison soll die vorerst letzte gewesen sein. Mjtsingen aber will er weiterhin. Ein Blick zurück auf seine Zeit bei Singakademie Frankfurt (Oder)
_cNicole Buhlau
264 _c2025
653 _aFrankfurt (Oder)
653 _aSingakademie
653 _aRudolf Tiersch
773 0 _g36. Jahrgang (2025) Nr. 301 vom 29.12.2025, S. 13 mit Foto
_tMärkische Oderzeitung
942 _2z
_cA
999 _c374184
_d374184